[Event "Stay Safe Play From Home 185"]
[Site "T#646428Emanuel Laske"]
[Date "2020.05.29"]
[Round "1"]
[White "Eidgenosse"]
[Black "KLIND"]
[Result "1-0"]
[WhiteElo "2467"]
[BlackElo "1916"]
[Annotator "TA"]
[PlyCount "103"]
[EventDate "2020.05.29"]
[EventType "swiss (blitz)"]

{[%evp 9,103,-4,45,39,44,2,7,-25,46,0,0,16,45,-6,52,5,24,27,126,23,48,37,86,97,106,105,109,68,74,12,34,0,15,0,17,6,62,-24,0,-13,152,45,59,56,377,365,327,282,943,939,974,895,872,864,1041,1028,1060,1060,1038,976,5369,5369,5010,4974,3343,914,837,827,1329,1320,1256,1059,5718,1252,1742,1690,1658,1216,1594,1599,1348,1129,29991,29992,29992,29992,29992,29993,29993,29993,29993,29994,29994,29995,29995,29996]} 1. d4 d5 2. Nc3 c6 3. Bg5 h6 4. Bh4 Nf6 5. e3 g5 6. Bg3 {D00: 1 d4 d5: Unusual lines.} Bg7 {[#]} 7. Nge2 $146 ({Predecessor:} 7. Nf3 Qa5 8. Bd3 Ne4 9. Bxe4 dxe4 10. Nd2 f5 11. Nb3 Qd8 12. Qh5+ Kf8 13. O-O-O {0-1 (44) Czarnik,J (1564)-Heutling,E (1729) Playchess.com INT 2020}) 7... O-O 8. f4 {The position is equal.} g4 ({Black should play} 8... Re8 $11) 9. Nc1 h5 10. Nd3 Ne4 11. Bh4 (11. Nxe4 $14 dxe4 12. Ne5) 11... f5 (11... Nxc3 $11 12. bxc3 Nd7) 12. Be2 Bf6 13. Bxf6 Nxf6 (13... exf6 $11 {remains equal.} 14. Nxe4 fxe4) 14. O-O (14. h3 $16) 14... e6 15. Qe1 Ne4 16. Nxe4 dxe4 17. Ne5 Nd7 18. Bc4 (18. Rd1 {feels hotter.} Kg7 19. h3 a5 20. Kf2 Qb6 21. Qc3) 18... Nxe5 19. fxe5 (19. dxe5 $16 Qe7 20. a4) 19... Bd7 20. c3 Qg5 21. Qg3 h4 22. Qf4 Qxf4 (22... Qh5 $11) 23. exf4 (23. Rxf4 $14 b5 24. Be2) 23... b6 24. b4 c5 $2 ({Better is} 24... Kf7 $11) 25. bxc5 (25. dxc5 $16 {Threatens to win with Rfd1.} Kf7 26. Rad1) 25... bxc5 26. d5 exd5 $2 {[%mdl 8192] This move loses the game for Black.} (26... Rfb8 $14) 27. Bxd5+ $18 {[%mdl 64] [#] Double Attack} Kg7 28. Bxa8 Rb8 $2 (28... Rxa8 29. Rfd1 Ba4) 29. Bd5 Rb2 30. Rf2 Rb6 31. Bc4 g3 32. Rd2 Bc6 33. hxg3 hxg3 34. Rad1 e3 35. Rd7+ Bxd7 36. Rxd7+ {[%mdl 4160] [#] Endgame Double Attack. KRB-KR} Kg6 37. Rd1 Rb2 38. Re1 Rc2 39. Rxe3 Rc1+ 40. Bf1 Ra1 41. Rxg3+ Kf7 42. Kf2 Rxa2+ 43. Be2 Ra4 44. Ke3 Re4+ 45. Kf3 Rc4 46. Bxc4+ {White mates.} Ke7 47. Rg5 Kd7 48. Rxf5 Kc7 49. g4 Kb6 50. g5 Kc6 51. g6 Kb6 52. g7 {Accuracy: White = 36%, Black = 44%.} 1-0

[Event "Stay Safe Play From Home 185"]
[Site "T#646428Emanuel Laske"]
[Date "2020.05.29"]
[Round "1"]
[White "Mepe_Nika"]
[Black "Fischer_11"]
[Result "1-0"]
[WhiteElo "2296"]
[BlackElo "2008"]
[Annotator "NA RC"]
[PlyCount "79"]
[EventDate "2020.05.29"]
[EventType "swiss (blitz)"]

1. g3 {[%emt 0:00:01]} e5 {[%emt 0:00:01]} 2. Bg2 {[%emt 0:00:00]} d6 {[%emt 0:00:00]} 3. c4 {[%emt 0:00:01]} Nf6 {[%emt 0:00:00]} 4. Nc3 {[%emt 0:00:01]} Be7 {[%emt 0:00:00]} 5. d3 {[%emt 0:00:00]} Bh3 {[%emt 0:00:00]} 6. Nxh3 {[%emt 0:00:02]} Nc6 {[%emt 0:00:00]} 7. Ng5 {[%emt 0:00:01]} O-O {[%emt 0:00:00]} 8. Nge4 {[%emt 0:00:01]} h6 {[%emt 0:00:00]} 9. Nxf6+ {[%emt 0:00:01]} Bxf6 {[%emt 0:00:00]} 10. Nd5 {[%emt 0:00:00]} Be7 {[%emt 0:00:00]} 11. Nxe7+ {[%emt 0:00:01]} Qxe7 {[%emt 0:00:00]} 12. O-O {[%emt 0:00:01]} f5 {[%emt 0:00:00]} 13. e3 {[%emt 0:00:01]} Rad8 {[%emt 0:00:02]} 14. Rb1 {[%emt 0:00:01]} f4 {[%emt 0:00:00]} 15. exf4 {[%emt 0:00:01]} exf4 {[%emt 0:00:00]} 16. Bxf4 {[%emt 0:00:01]} Ne5 {[%emt 0:00:03]} 17. Re1 {[%emt 0:00:02]} Qf6 {[%emt 0:00:01]} 18. Bxb7 {[%emt 0:00:08]} Ng6 {[%emt 0:00:04]} 19. Bd5+ {[%emt 0:00:02]} Kh8 {[%emt 0:00:02]} 20. Qd2 {[%emt 0:00:01]} Nxf4 {[%emt 0:00:02]} 21. Qxf4 {[%emt 0:00:00]} Qxf4 {[%emt 0:00:03]} 22. gxf4 {[%emt 0:00:00]} Rxf4 {[%emt 0:00:01]} 23. Re4 {[%emt 0:00:02]} Rdf8 {[%emt 0:00:00]} 24. Rxf4 {[%emt 0:00:02]} Rxf4 {[%emt 0:00:00]} 25. Re1 {[%emt 0:00:01]} Kh7 {[%emt 0:00:09]} 26. Re7 {[%emt 0:00:02]} Kg6 {[%emt 0:00:00]} 27. Be4+ {[%emt 0:00:01]} Kf6 {[%emt 0:00:02]} 28. Rxc7 {[%emt 0:00:00]} d5 {[%emt 0:00:04]} 29. cxd5 {[%emt 0:00:01]} Rg4+ {[%emt 0:00:01]} 30. Kf1 {[%emt 0:00:01]} Rg5 {[%emt 0:00:00]} 31. Rxa7 {[%emt 0:00:02]} h5 {[%emt 0:00:00]} 32. d6 {[%emt 0:00:01]} h4 {[%emt 0:00:00]} 33. d7 {[%emt 0:00:01]} Rd5 {[%emt 0:00:01]} 34. Bxd5 {[%emt 0:00:02]} Ke7 {[%emt 0:00:01]} 35. d8=Q+ {[%emt 0:00:01]} Kxd8 {[%emt 0:00:01]} 36. b4 {[%emt 0:00:00]} Ke8 {[%emt 0:00:00]} 37. b5 {[%emt 0:00:00]} g6 {[%emt 0:00:00]} 38. b6 {[%emt 0:00:00]} g5 {[%emt 0:00:00]} 39. Rh7 {[%emt 0:00:01]} Kd8 {[%emt 0:00:01]} 40. b7 {[%emt 0:00:01] Fischer_11 gibt auf (Lag: Av=0.37s, max=0.9s)} 1-0

[Event "Stay Safe Play From Home 185"]
[Site "T#646428Emanuel Laske"]
[Date "2020.05.29"]
[Round "1"]
[White "Little champs"]
[Black "Grizzzly"]
[Result "1-0"]
[WhiteElo "2116"]
[BlackElo "1705"]
[Annotator "TA"]
[PlyCount "99"]
[EventDate "2020.05.29"]
[EventType "swiss (blitz)"]

{[%evp 9,99,-17,-15,-16,0,-12,-5,-10,0,-31,-1,-28,8,-12,29,18,17,6,10,14,14,-15,44,43,31,37,41,36,87,10,20,0,0,-220,-218,-354,-354,-350,-268,-276,-273,-332,-315,-356,-290,-329,-319,-420,-382,-444,-448,-413,-359,-342,-357,-335,-216,-229,-209,-205,-214,-210,57,57,53,41,56,56,56,56,60,59,60,60,70,67,451,433,395,425,411,414,7124,11555,11479,141,12668,141,6536,8,29987,29987]} 1. d4 d6 2. e3 Nf6 3. Nf3 Nbd7 4. Be2 e5 5. dxe5 dxe5 6. O-O {[#] A46: 1 d4 Nf6 2 Nf3 e6: Torre, London and Colle Systems.} Bc5 $146 ({Predecessor:} 6... Be7 7. c4 O-O 8. Qc2 c6 9. a3 a5 10. b3 Qc7 11. Nc3 h6 12. Bb2 Re8 {1-0 (42) Saric,H (1815)-Pahljina,I (1393) Croatia 2017}) 7. a3 a5 8. c4 {The position is equal.} O-O 9. Nc3 Re8 10. Qc2 c6 11. Rb1 Qb6 12. b4 axb4 13. axb4 Bxb4 14. Na2 c5 15. Bd2 {[%cal Ra2b4]} Qa5 ({Better is} 15... e4 $11 16. Nd4 (16. Nxb4 $2 exf3 17. Nd5 Nxd5 $19) 16... cxd4 17. exd4 Qxd4 18. Nxb4 Ne5) 16. Nxb4 $14 cxb4 17. Bxb4 Qc7 18. Rfd1 {Hoping for Bd6.} b6 (18... Nc5 $14) 19. Ng5 (19. Bd6 $16 Qa7 20. c5 bxc5 21. Ng5) 19... h6 20. Bd6 Qc6 21. Bf3 $2 (21. Nf3 $11 {and White stays safe.}) 21... e4 $19 22. Bxe4 (22. Nxf7 $142 Kxf7 23. Be2) 22... Nxe4 23. Nxe4 Qxe4 24. Qxe4 Rxe4 25. c5 bxc5 26. Bf4 Nf6 27. Rd8+ Re8 28. Rd2 Kh7 29. h3 Be6 30. Rc1 Rad8 31. Rxd8 Rxd8 32. Rxc5 Nd5 33. Bg3 Ra8 34. e4 Ra1+ 35. Kh2 Nc3 $2 (35... Nb4 $19 {Strongly threatening ...Ra2.} 36. Rc7 Ra2) 36. Rxc3 $14 {[%mdl 4096] Endgame KRB-KRB} Ra2 37. Re3 f5 38. exf5 Bxf5 39. Rf3 g6 40. Be5 Kg8 41. g4 Be6 42. Rf6 Ra6 $2 {[%mdl 8192]} ({Black should try} 42... Bf7 $14) 43. Rxg6+ $18 {[%mdl 64] [#] Double Attack} Kf7 44. Rf6+ Ke7 45. f4 Bc4 (45... h5 $142 46. gxh5 Ra2+ 47. Kg1 Bxh3) 46. Rxa6 Bxa6 47. h4 $2 (47. f5 $18 h5 48. g5 (48. gxh5 Bc8 $18)) 47... Ke6 $2 {[%mdl 8192] [#]} (47... Be2 $16) 48. Kg3 $2 (48. h5 $1 $18 {and the rest is easy.} Kf7 49. Kg3) 48... Kd5 $2 {[%mdl 8192]} (48... h5 $16) 49. g5 $2 (49. h5 $18 Ke6 50. Bg7) 49... Ke4 $2 {[%mdl 8192]} (49... hxg5 $11 50. hxg5 Bd3) 50. gxh6 {What a bad dream for Black. Accuracy: White = 54%, Black = 39%.} 1-0

[Event "Stay Safe Play From Home 185"]
[Site "T#646428Emanuel Laske"]
[Date "2020.05.29"]
[Round "1"]
[White "Lazieri3"]
[Black "Trotsky"]
[Result "1-0"]
[WhiteElo "2035"]
[BlackElo "1578"]
[Annotator "TA"]
[PlyCount "59"]
[EventDate "2020.05.29"]
[EventType "swiss (blitz)"]

{[%evp 9,59,2,-6,-15,-15,-14,0,-27,0,-6,18,-44,24,-10,-27,-107,-96,-166,-44,-153,-140,-203,-204,-243,-237,-507,-9,-97,31,0,0,0,0,-124,0,0,524,499,487,137,135,118,676,628,699,482,475,466,1109,1104,2020,1614]} 1. e4 c5 2. Nc3 Nf6 3. d3 e6 4. f4 d6 5. Nf3 Nc6 6. Be2 {B23: Closed Sicilian: Lines without g3.} a6 7. O-O Qc7 8. h3 {The position is equal.} b6 {[#]} 9. Be3 $146 ({Predecessor:} 9. a3 h5 10. Rb1 Bb7 11. Bd2 Be7 12. b3 h4 13. Nh2 Nd4 14. Bf3 Nxf3+ 15. Qxf3 {½-½ (30) Trent,S (1696)-Dunsmore,C (1592) London 2002}) 9... Bb7 10. a3 ({White should try} 10. d4 $11) 10... Rd8 (10... d5 $15 11. exd5 exd5) 11. Qd2 Be7 12. Rf2 (12. f5 $11) 12... O-O 13. Raf1 (13. Qc1 $17 {keeps fighting.}) 13... Kh8 (13... d5 $19 14. e5 Nh5) 14. Ng5 (14. f5 $15) 14... h6 $17 15. e5 (15. Nf3 $17) 15... dxe5 $19 {And now ...Nd5 would win.} 16. fxe5 Nxe5 {White must now prevent ...Nc4!} ({Worse is} 16... hxg5 17. exf6 Bxf6 18. Rxf6 $16 (18. Bxg5 Bd4 $11)) 17. Nge4 $2 {[#]} (17. Nf3 {only move.}) 17... Qc6 $2 (17... Nxe4 $19 18. Nxe4 Bxe4 {[%mdl 64] Pin}) 18. Nxf6 (18. Bxh6 $1 $11 Nxe4 19. Nxe4) 18... gxf6 (18... Bxf6 $17 19. Bf4 c4) 19. Bxh6 (19. Bf4 $5 {[%cal Rf4e5]} Qd6 20. Bh5 $14 (20. Bxh6 Rg8 $15)) 19... Rg8 {[%cal Rg8g2]} 20. Ne4 {Hoping for Qf4.} f5 21. Ng5 (21. Qf4 $11 {remains equal.} Qd5 22. Bg5 Bxg5 23. Nxg5) 21... Bxg5 (21... f6 $17 22. Nf3 Bd6) 22. Bxg5 $11 {Threatens to win with Qf4.} f6 $2 {[%mdl 8192]} (22... Kh7 $1 $11 {and Black is okay.} 23. Qf4 Rd4 24. Qxe5 Rxg5) 23. Bxf6+ $18 {[%mdl 64] [#] Double Attack} Kh7 {[%cal Rg8g2]} 24. Bf3 $2 (24. Bh5 $18 {is more deadly.}) 24... Nxf3+ $16 25. Rxf3 Rg6 $2 {[%mdl 8192]} (25... Rdf8 $16 26. Be7 Rf7) 26. Bxd8 $18 {White is clearly winning.} Qe8 27. Bxb6 Bxf3 28. Rxf3 Qg8 (28... Qc6 $142 29. Qf2 Qxb6) 29. Bxc5 e5 30. d4 {What a bad dream for Black. Accuracy: White = 19%, Black = 40%.} 1-0

[Event "Stay Safe Play From Home 185"]
[Site "T#646428Emanuel Laske"]
[Date "2020.05.29"]
[Round "1"]
[White "The Next Contender"]
[Black "Broken sword"]
[Result "0-1"]
[WhiteElo "1989"]
[BlackElo "2540"]
[Annotator "TA"]
[PlyCount "90"]
[EventDate "2020.05.29"]
[EventType "swiss (blitz)"]

{[%evp 16,90,8,-3,16,5,12,4,12,7,20,1,-1,-48,0,16,31,0,0,0,17,-24,2,-14,-16,-40,0,-44,-21,-34,0,-23,2,0,0,0,27,14,18,21,36,-127,27,22,9,-140,-10,-804,-135,-130,62,0,160,0,32,-35,400,-489,-483,-587,-14,-130,-139,-110,-125,-142,-37,-29991,-29987,-29987,-29988,-29988,-29989,-29989,-29990,-29995,-29990]} 1. d4 d5 2. c4 c6 3. Nf3 Nf6 4. e3 Bg4 5. Be2 e6 6. O-O Nbd7 7. b3 Bd6 8. h3 Bh5 9. Bb2 Rc8 {A12: English Opening: 1...c6 with b3 by White.} 10. Nc3 {[#]} Bb8 $146 ({Predecessor:} 10... O-O 11. Rc1 Qe7 12. Ne1 Bxe2 13. Qxe2 dxc4 14. bxc4 e5 15. Nf3 exd4 16. exd4 Qxe2 17. Nxe2 {0-1 (47) Bernei,A (2150)-Laza,S (2189) Hungary 2018}) 11. Rc1 Qc7 {The position is equal.} 12. g3 O-O 13. Re1 Rfe8 14. Bf1 Qd6 (14... Ne4 $15 15. Bg2 f5) 15. Bg2 $11 a6 16. Qc2 Bg6 17. Qd2 h6 18. c5 Qc7 19. b4 Qd8 20. a4 e5 21. b5 axb5 22. axb5 Qe7 23. Ra1 Qf8 24. Qd1 exd4 25. exd4 Rxe1+ 26. Qxe1 Re8 27. Qd1 Ne4 28. Qb3 $2 (28. bxc6 $14 bxc6 29. Qa4) 28... Qe7 $2 (28... Nxf2 $1 $17 {aiming for ...Nd3.} 29. bxc6 (29. Kxf2 Nxc5 30. Qa3 Bd6 $15) 29... bxc6 30. Kxf2 Nxc5) 29. bxc6 bxc6 {Hoping for ...Nxf2!} 30. Qb7 (30. Nxe4 $11 dxe4 31. Nd2) 30... Qe6 ({Black should play} 30... Nxf2 $1 $17 31. Qxc6 Bxg3 32. Nxd5 Qd8) 31. Ne1 $2 {[%mdl 8192] [#]} (31. Nxe4 $11 Bxe4 32. Ra8) 31... Nxc3 $2 (31... Nxf2 $1 $19 {[%mdl 512]} 32. Kh2 (32. Kxf2 Qe3+) 32... Bf5 33. Nxd5 cxd5 34. Qxd5 Qg6) 32. Bxc3 $17 {[#]} Be4 $2 (32... Bxg3 $1 $17 33. fxg3 Qe3+ 34. Kh2 Qxc3 35. Qxd7 Re2) 33. Bf1 (33. Ra8 $14) 33... Nf6 $2 {[#]} (33... h5 $11) 34. Ra2 $2 (34. Ra8 $1 $16 {[%cal Ra8b8]} Qc8 35. Qxc8 Rxc8 36. Ba6) 34... Nh5 35. Ra6 (35. Ra8 $14 Bxg3 36. fxg3) 35... Rc8 $2 {[%mdl 8192]} (35... Nxg3 $15 {keeps the upper hand.} 36. Qxc6 (36. fxg3 $2 Qg6 $19) 36... Qxc6 37. Rxc6 Nxf1 38. Kxf1 Bf5) 36. Nd3 $4 {[%mdl 8192] [#]} (36. Ra8 $18 {was the only winning move.}) 36... Nxg3 $1 $19 {[%mdl 512]} 37. fxg3 {And now Ne5 would win.} Bxg3 $2 (37... Bxd3 $1 $19 38. Qxc8+ (38. Bxd3 Qe3+ {[%mdl 64] Double Attack} 39. Kh1 Qf3+ 40. Kg1 Qxg3+ {[%mdl 64] Double Attack} 41. Kf1 Qxd3+ {[%mdl 64] Double Attack} 42. Kg1 Qe3+ 43. Kf1 Re8 $19) 38... Qxc8 39. Bxd3 Qxh3) 38. Ra8 (38. Be1 $1 $11 Bxd3 39. Bxg3 Bxa6 40. Qxa6) 38... Rxa8 $17 39. Qxa8+ Kh7 {Threatens to win with ...Qg6.} 40. Nf2 Qg6 $40 {[%mdl 128] Black is up to no good.} (40... Bxf2+ $1 $17 41. Kxf2 Qf6+ 42. Ke1 Qh4+ 43. Kd1 Qf2) 41. Bg2 $2 {[%mdl 8192]} (41. Nxe4 $15 dxe4 42. Bg2) 41... Bxf2+ {Black mates.} 42. Kxf2 Qxg2+ {[%mdl 64] Double Attack} 43. Ke1 Qg3+ 44. Ke2 Qxc3 45. Kf2 Qxd4+ {Accuracy: White = 42%, Black = 41%.} 0-1

[Event "Stay Safe Play From Home 185"]
[Site "T#646428Emanuel Laske"]
[Date "2020.05.29"]
[Round "1"]
[White "Konmos"]
[Black "Rogan"]
[Result "1-0"]
[WhiteElo "1749"]
[BlackElo "2235"]
[Annotator "TA"]
[PlyCount "85"]
[EventDate "2020.05.29"]
[EventType "swiss (blitz)"]

{[%evp 10,84,17,0,84,18,47,33,36,28,132,40,27,34,48,10,120,60,67,39,41,-5,-9,-5,30,35,31,-20,-17,-19,0,-11,0,0,22,15,12,39,993,987,976,975,1062,1002,1094,1110,1710,1708,6705,1973,5469,5114,29988,29989,29989,29990,29990,29990,29989,29982,29992,29993,29993,29993,29998,29995,29995,29996,29996,29995,29996,29997,29997,29998,29998,29999,29999]} 1. e4 d5 2. exd5 Nf6 3. c4 c6 4. d4 cxd5 5. Nc3 g6 6. Bg5 e6 {B14: Caro-Kann: Panov-Botvinnik Attack with 5...e6 and 5...g6.} (6... Bg7 $11) 7. Nf3 (7. cxd5 $16 {And now Bb5+ would win.} exd5 8. Qf3) 7... Bg7 8. cxd5 exd5 {White is slightly better.} 9. Bb5+ Bd7 {[#]} (9... Nc6 $11 {keeps the balance.}) 10. Qb3 $146 (10. Qe2+ $16 Kf8 11. O-O) ({Predecessor:} 10. Bxd7+ Qxd7 11. O-O O-O 12. Ne5 Qd6 13. Rc1 Nbd7 14. Bxf6 Nxf6 15. Qb3 b6 16. Nb5 {½-½ (44) Lazaravicius,A (1597)-Ayupov,S Al Ain 2013}) 10... O-O $14 11. Bxd7 Qxd7 12. O-O {Threatens to win with Bxf6.} Rd8 (12... Nc6 $11 {remains equal.}) 13. Rfe1 ({White should play} 13. Ne5 $16 Qd6 14. Qxb7) 13... Nc6 {[%cal Bb8c6,Bc6a5,Ba5c4][%mdl 32]} 14. Rad1 Na5 15. Qb5 Qxb5 16. Nxb5 Rac8 {[%cal Ba8c8,Bc8c2,Bc2b2][%mdl 32]} 17. Nxa7 Rc2 18. Nb5 (18. Rd2 $14 Rxd2 19. Bxd2 (19. Nxd2 Nc4 $14)) 18... Rxb2 $11 19. a4 Nc4 20. Ra1 Ra8 21. Nc7 $36 {[%mdl 2048] White fights for an advantage.} Rc8 22. Bxf6 Bxf6 23. Nxd5 Bg7 $2 {[%mdl 8192] Black cannot hold the game after this.} (23... Kg7 $14) 24. Ne7+ $18 {[%mdl 64] [#] Double Attack} Kf8 25. Nxc8 b6 26. Ne5 Nxe5 27. dxe5 Rc2 28. Nxb6 Rc5 29. a5 Bxe5 30. a6 Bxa1 {[%mdl 4096] Endgame KRB-KRN} 31. Nd7+ {[%mdl 64] [#] Double Attack. White mates.} Kg7 32. Nxc5 Bd4 33. Rc1 Bb2 34. a7 Bd4 35. a8=Q Bf6 36. Nd7 {[%csl Gd7][%cal Ra8f8]} h5 37. Nxf6 Kxf6 38. Qa1+ Ke6 39. Re1+ Kd7 40. Qd4+ Kc6 41. Rc1+ Kb7 42. Qb2+ Ka6 43. Ra1# {Accuracy: White = 57%, Black = 58%.} 1-0

[Event "Stay Safe Play From Home 185"]
[Site "T#646428Emanuel Laske"]
[Date "2020.05.29"]
[Round "1"]
[White "Justwatch"]
[Black "Weltszmerc"]
[Result "0-1"]
[WhiteElo "1729"]
[BlackElo "2073"]
[Annotator "TA"]
[PlyCount "66"]
[EventDate "2020.05.29"]
[EventType "swiss (blitz)"]

{[%evp 9,66,16,13,18,20,20,16,14,11,9,16,0,-4,0,11,0,0,0,0,-14,-12,-16,-9,-126,0,-568,-573,-716,-708,-712,-705,-672,-568,-642,-613,-661,-657,-694,-689,-672,-613,-763,-752,-901,-809,-1135,-1121,-1070,-1046,-1450,-1447,-1442,-1408,-1729,-1120,-29979,-29980,-6974,-6695]} 1. e4 Nf6 2. e5 Nd5 3. Nc3 Nb6 4. Nf3 d6 5. Bb5+ c6 6. Be2 {B02: Alekhine's Defence: Chase Variation and lines with early Nc3.} Bg4 7. exd6 exd6 {[#]} 8. h3 $146 {The position is equal.} ({Predecessor:} 8. O-O Be7 9. Nd4 Bxe2 10. Qxe2 O-O 11. Nf5 Bf6 12. Ne4 d5 13. Nxf6+ Qxf6 14. Qg4 {½-½ (41) Francsics,E (2210)-Gombocz,Z Debrecen 1994}) 8... Bh5 9. O-O Be7 10. d3 O-O 11. Nh2 Bxe2 12. Qxe2 Re8 13. Re1 N8d7 14. Qg4 Ne5 15. Qg3 Bh4 $36 {[%mdl 2048] Black is more active.} 16. Qe3 {[#]} (16. Qf4 $11 {was the only way to keep the balance.}) 16... Ng6 (16... Nf3+ $1 $17 {[%mdl 512]} 17. Nxf3 (17. Qxf3 Rxe1+) 17... Rxe3 18. Bxe3 d5 19. Nxh4 Qxh4) 17. Bd2 $2 {[%mdl 8192] Black continues to play with concentration.} (17. Qxe8+ $11 Qxe8 18. Rxe8+ Rxe8 19. Nf3) 17... Rxe3 $19 18. Rxe3 Bg5 19. Re2 Bxd2 20. Rxd2 Qd7 21. Nf3 Re8 22. Rf1 Nf4 23. Re1 Rxe1+ 24. Nxe1 d5 25. Nf3 Qf5 26. Kh2 h6 27. g4 Qf6 28. Kg3 {[#]} Nxh3 $1 {Strongly threatening ...Qf4+.} 29. Nd4 (29. Kxh3 Qxf3+) 29... Qxd4 30. Kxh3 Qf4 31. Re2 g6 32. Nd1 Qf3+ {[%mdl 64] Double Attack} 33. Kh2 Qxe2 {[%mdl 64] Double Attack. Accuracy: White = 76%, Black = 91%.} 0-1

[Event "Stay Safe Play From Home 185"]
[Site "T#646428Emanuel Laske"]
[Date "2020.05.29"]
[Round "1"]
[White "Raja3652016"]
[Black "SoulofWolf"]
[Result "0-1"]
[WhiteElo "1620"]
[BlackElo "2068"]
[Annotator "NA RC"]
[PlyCount "112"]
[EventDate "2020.05.29"]
[EventType "swiss (blitz)"]

1. d4 {[%emt 0:00:03]} c6 {[%emt 0:00:03]} 2. c3 {[%emt 0:00:02]} d5 {[%emt 0:00:00]} 3. Nf3 {[%emt 0:00:01]} Nf6 {[%emt 0:00:00]} 4. e3 {[%emt 0:00:01]} g6 {[%emt 0:00:01]} 5. Be2 {[%emt 0:00:00]} Bg7 {[%emt 0:00:00]} 6. O-O {[%emt 0:00:01]} O-O {[%emt 0:00:00]} 7. Nbd2 {[%emt 0:00:01]} Nbd7 {[%emt 0:00:00]} 8. Re1 {[%emt 0:00:00]} Re8 {[%emt 0:00:00]} 9. Nf1 {[%emt 0:00:00]} e5 {[%emt 0:00:01]} 10. Ng3 {[%emt 0:00:00]} e4 {[%emt 0:00:01]} 11. Nd2 {[%emt 0:00:01]} h5 {[%emt 0:00:00]} 12. Ndf1 {[%emt 0:00:00]} h4 {[%emt 0:00:00]} 13. Nh1 {[%emt 0:00:01]} g5 {[%emt 0:00:01]} 14. g3 {[%emt 0:00:00]} h3 {[%emt 0:00:02]} 15. f4 {[%emt 0:00:01]} Nh7 {[%emt 0:00:04]} 16. fxg5 {[%emt 0:00:01]} Qxg5 {[%emt 0:00:01]} 17. Bg4 {[%emt 0:00:03]} Ndf6 {[%emt 0:00:01]} 18. Bxh3 {[%emt 0:00:01]} Bxh3 {[%emt 0:00:02]} 19. Nd2 {[%emt 0:00:02]} Qh6 {[%emt 0:00:07]} 20. Nf2 {[%emt 0:00:02]} Ng5 {[%emt 0:00:03]} 21. Rf1 {[%emt 0:00:02]} Nf3+ {[%emt 0:00:04]} 22. Nxf3 {[%emt 0:00:02]} exf3 {[%emt 0:00:02]} 23. Qxf3 {[%emt 0:00:02]} Bxf1 {[%emt 0:00:01]} 24. Kxf1 {[%emt 0:00:02]} Qh5 {[%emt 0:00:02]} 25. Kg2 {[%emt 0:00:02]} Qxf3+ {[%emt 0:00:01]} 26. Kxf3 {[%emt 0:00:01]} Ne4 {[%emt 0:00:01]} 27. Nxe4 {[%emt 0:00:02]} Rxe4 {[%emt 0:00:01]} 28. Bd2 {[%emt 0:00:01]} Rae8 {[%emt 0:00:00]} 29. Re1 {[%emt 0:00:03]} f6 {[%emt 0:00:01]} 30. Kf2 {[%emt 0:00:01]} Kf7 {[%emt 0:00:01]} 31. h3 {[%emt 0:00:00]} Bh6 {[%emt 0:00:00]} 32. g4 {[%emt 0:00:01]} Bg5 {[%emt 0:00:01]} 33. Re2 {[%emt 0:00:01]} Bh4+ {[%emt 0:00:01]} 34. Kf3 {[%emt 0:00:02]} b5 {[%emt 0:00:01]} 35. a3 {[%emt 0:00:02]} a5 {[%emt 0:00:01]} 36. b4 {[%emt 0:00:01]} R8e7 {[%emt 0:00:01]} 37. Re1 {[%emt 0:00:02]} Bxe1 {[%emt 0:00:01]} 38. Bxe1 {[%emt 0:00:01]} Rxe3+ {[%emt 0:00:00]} 39. Kf4 {[%emt 0:00:02]} Rxe1 {[%emt 0:00:00]} 40. Kg3 {[%emt 0:00:01]} Kg6 {[%emt 0:00:01]} 41. Kh4 {[%emt 0:00:01]} R1e3 {[%emt 0:00:03]} 42. g5 {[%emt 0:00:01]} Rh7+ {[%emt 0:00:01]} 43. Kg4 {[%emt 0:00:01]} f5+ {[%emt 0:00:00]} 44. Kf4 {[%emt 0:00:01]} Rh4+ {[%emt 0:00:01]} 45. Kxe3 {[%emt 0:00:01]} Re4+ {[%emt 0:00:01]} 46. Kd2 {[%emt 0:00:01]} Kxg5 {[%emt 0:00:00]} 47. Kc2 {[%emt 0:00:00]} axb4 {[%emt 0:00:00]} 48. Kb3 {[%emt 0:00:00]} bxa3 {[%emt 0:00:01]} 49. Kxa3 {[%emt 0:00:01]} f4 {[%emt 0:00:00]} 50. Kb4 {[%emt 0:00:00]} f3 {[%emt 0:00:00]} 51. Kc5 {[%emt 0:00:00]} f2 {[%emt 0:00:00]} 52. Kd6 {[%emt 0:00:00]} f1=Q {[%emt 0:00:00]} 53. Kd7 {[%emt 0:00:01]} Qf5+ {[%emt 0:00:01]} 54. Kd8 {[%emt 0:00:00]} Re6 {[%emt 0:00:01]} 55. Kc7 {[%emt 0:00:00]} Qf7+ {[%emt 0:00:00]} 56. Kb6 {[%emt 0:00:00]} Re8 {[%emt 0:00:00]} 0-1

[Event "Stay Safe Play From Home 185"]
[Site "T#646428Emanuel Laske"]
[Date "2020.05.29"]
[Round "2"]
[White "Broken sword"]
[Black "Lazieri3"]
[Result "1-0"]
[WhiteElo "2541"]
[BlackElo "2037"]
[Annotator "TA"]
[PlyCount "61"]
[EventDate "2020.05.29"]
[EventType "swiss (blitz)"]

{[%evp 9,61,35,131,133,116,72,68,70,73,62,60,72,76,72,96,94,194,183,289,286,533,533,525,468,468,458,464,433,445,450,495,488,534,532,557,526,588,592,582,575,568,586,680,643,697,685,696,675,1072,1065,1407,1389,1219,949]} 1. d4 d5 2. Nf3 c6 3. c4 Nf6 4. Nc3 Bf5 5. Qb3 b6 (5... Qb6 $14) 6. cxd5 $16 {D15: Slav Defence: 4 Nc3 a6 and gambit lines after 4 Nc3 dxc4.} Nxd5 7. Bg5 Nxc3 8. bxc3 {White is slightly better.} Qd5 9. e3 {[#] Black must now prevent Bc4.} Qxb3 10. axb3 {[#]} e6 $146 {White leaves nothing to chance now.} ({Predecessor:} 10... Nd7 11. Ba6 f6 12. Bf4 Be4 13. Bb7 Bxf3 14. gxf3 e5 15. Bxa8 exf4 16. Bxc6 a5 {1-0 (24) Reitz,H-Schumacher,U Wuerzburg 1995}) 11. Be2 $36 {[%mdl 2048] White is on the roll.} Be7 12. Bf4 Nd7 (12... a5 $16 {is a better defense.}) 13. Ba6 $18 e5 (13... O-O $142 14. Bb7 {[%mdl 64] Double Attack} a5) 14. Nxe5 ({Not} 14. dxe5 Nc5 $16) 14... f6 $2 (14... Nxe5 15. Bxe5 O-O) 15. Nxc6 {White is clearly winning.} Kf7 16. Nxe7 Kxe7 17. c4 g5 18. Bg3 h5 19. h4 g4 20. O-O Bc2 21. Ra3 Bf5 22. Rc1 Rhe8 23. b4 {[%cal Bb3b4,Bb4c5][%mdl 32]} Be4 24. c5 bxc5 25. bxc5 f5 26. Bd6+ Ke6 27. Bc4+ Kf6 28. Rca1 Nf8 29. Rxa7 {[#] Strongly threatening Be5+.} Rxa7 30. Rxa7 Ne6 31. Ra6 {Accuracy: White = 90%, Black = 41%.} 1-0